The organization of prose and its effects on memory / (Record no. 30357)
[ view plain ]
| 000 -LEADER | |
|---|---|
| fixed length control field | 01130nam a22003132i 4500 |
| 001 - CONTROL NUMBER | |
| control field | 30357 |
| 003 - CONTROL NUMBER IDENTIFIER | |
| rucl marc code | BD-RjUL |
| 005 - DATE AND TIME OF LATEST TRANSACTION | |
| control field | 20211209051543.0 |
| 008 - FIXED-LENGTH DATA ELEMENTS--GENERAL INFORMATION | |
| fixed length control field | 140409s1975 ne b 000 0 eng d |
| 020 ## - INTERNATIONAL STANDARD BOOK NUMBER | |
| International Standard Book Number | 0444109463 (AmericanElsevier) |
| 035 ## - SYSTEM CONTROL NUMBER | |
| System control number | (BD-RjUL)30442 |
| 040 ## - CATALOGING SOURCE | |
| Original cataloging agency | DLC |
| Transcribing agency | DLC |
| Modifying agency | BD-RjUL |
| Language of cataloging | eng |
| 041 ## - LANGUAGE CODE | |
| Language code of text/sound track or separate title | eng |
| 082 ## - DEWEY DECIMAL CLASSIFICATION NUMBER | |
| Classification number | 001.539 |
| Author mark and year | MEO V-1 1975 |
| 100 1# - MAIN ENTRY--PERSONAL NAME | |
| Personal name | Meyer, Bonnie J. F. |
| 9 (RLIN) | 92273 |
| 245 14 - TITLE STATEMENT | |
| Title | The organization of prose and its effects on memory / |
| Statement of responsibility, etc. | Bonnie J.F. Meyer |
| Number of part/section of a work | VOLUME 1. |
| Name of part/section of a work | NORTH -HOLLAND STUDIES IN THEORETICAL POETICS. |
| 260 ## - PUBLICATION, DISTRIBUTION, ETC. (IMPRINT) | |
| Place of publication, distribution, etc. | Amsterdam : |
| Name of publisher, distributor, etc. | North-Holland Pub. Co ; |
| Place of publication, distribution, etc. | New York : |
| Name of publisher, distributor, etc. | American Elsevier Pub. Co, |
| Date of publication, distribution, etc. | 1975 |
| 300 ## - PHYSICAL DESCRIPTION | |
| Pagination | xvii, 249 p. : |
| Size | 22 cm |
| 490 1# - SERIES STATEMENT | |
| Series statement | North-Holland studies in theoretical poetics ; |
| Volume/sequential designation | v. 1 |
| 500 ## - GENERAL NOTE | |
| General note | Based on the author's thesis, Cornell, 1974 |
| 504 ## - BIBLIOGRAPHY, ETC. NOTE | |
| Bibliography, etc | Bibliography: p. 241-249 |
| 650 #0 - SUBJECT ADDED ENTRY--TOPICAL TERM | |
| Topical term or geographic name as entry element | Discourse analysis |
| 9 (RLIN) | 92274 |
| Topical term or geographic name as entry element | Content analysis (Communication) |
| 9 (RLIN) | 92275 |
| Topical term or geographic name as entry element | Memory. |
| 9 (RLIN) | 92276 |
| 830 #0 - SERIES ADDED ENTRY--UNIFORM TITLE | |
| Volume number/sequential designation | v. 1 |
| Uniform title | North-Holland studies in theoretical poetics ; |
| 942 ## - ADDED ENTRY ELEMENTS (KOHA) | |
| Source of classification or shelving scheme | Dewey Decimal Classification |
| Koha item type | Books |
| Lost status | Source of classification or shelving scheme | Damaged status | Not for loan | Collection code | Permanent Location | Current Location | Shelving location | Date acquired | Source of acquisition | Total Checkouts | Full call number | Date last seen | Copy number | Koha item type |
|---|---|---|---|---|---|---|---|---|---|---|---|---|---|---|
| Dewey Decimal Classification | Not For Loan | Non-fiction | Central Library, University of Rajshahi | Central Library, University of Rajshahi | Reading Room | 05/04/1979 | NETHERLAND | 001.539 MEO V-1 1975 | 09/04/2014 | C-1 | Books | |||
| Dewey Decimal Classification | Non-fiction | Central Library, University of Rajshahi | Central Library, University of Rajshahi | 05/04/1974 | NETHERLAND | 001.539 MEO V-1 1975 | 09/04/2014 | C-2 | Books |